03257njm a2200481Ia 4500001000600000003000900006005001700015008004100032040001300073040001300086100001100099100001800110100003800128245003000166250001100196260001100207260002900218300001700247300003000264500008500294505033000379511012100709511018100830511019001011511019801201511017101399650005201570700007801622700006301700700008401763700008401847700006701931700007401998700008202072700006702154700008902221700008202310700008502392700007502477700009302552700007102645700005902716F2233IT-RoPAU20220918181114.0131025s9999 xx 000 0 und d aIT-RoPAU cIT-RoPAU aAA.VV. eAutore musica gCodice autore musica SPICS: 12000 aJust Jazz-Gene Got Rhythm a1a ed. aMILANO bRUSCONIc1998 [1a Ed.:0] aCOMPACT DISC c67 minuti (Testo: 0 pag.) aMusica jazz. Cd fuori commercio allegato al n. 7 '98 della rivista "Musica jazz. aBlue Lou [(Pasadena 1947) (9:00)] - One O'Clock Jump [(Pasadena 1947) (13:00)] - I Got Rhythm [(Pasadena 1947) (9:00)] - Perdido [(Pasadena 1947) (6:00)] - Flying Home [(Pasadena 1947) (12:00)] - C Jam Blues [(Los Angeles 1947) (4:00)] - Sweet Georgia Brown [(Los Angeles 1947) (7:00)] - Just Bop [(Los Angeles 1947) (10:00)] aWardell Gray: ten; Garner Erroll: p; Ashby Irving: chit; Callender Red: cb; Mills Jackie: batt; Just Jazz All Stars  aWardell Gray: ten; Garner Erroll: p; Ashby Irving: chit; Callender Red: cb; Mills Jackie: batt: McGhee Howard: tr; Dickenson Vic: trne; Carter Benny: alto; Just Jazz All Stars  aShavers Charlie: tr; Smith Willie: alto; Getz Stan: ten; Norvo Red: vib; Cole Nat King: p; Moore Oscar, Kessel Barney: chit; Miller Johnny: cb; Bellson Louis: batt; Just Jazz All Stars  aShavers Charlie: tr; Smith Willie: alto; Corcoran Corky: ten; Hampton Lionel: vib; Buckner Milt: p; Kessel Barney: chit; Stewart Slam: cb; Young Lee: batt; Lionel Hampton's Just Jazz All Stars  aMcGhee Howard: op; Royal Ernie: tr; Gray Wardell, Musso Vido: ten; Ross Arnold: p; Babasin Harry: cb; Lamond Don: batt; Kessel Barney: chit; Gene Norman's Just Jazz  aJAZZ [COMPACT DISC]eCodice MATERIA SPICS: 9949 aSampson EdgardCodice autore musica SPICS: 15952eAutore musicapBlue Lou aMills IrvingdCodice autore SPICS: 13027eAutorepBlue Lou aBasie CountdCodice autore musica SPICS: 10545eAutore musicapOne O'Clock Jump aGershwin GeorgedCodice autore musica SPICS: 10668eAutore musicapI Got Rhythm aGershwin IradCodice autore SPICS: 10501eAutorepI Got Rhythm aTizol JuandCodice autore musica SPICS: 20356eAutore musicapPerdido aHampton LioneldCodice autore musica SPICS: 10771eAutore musicapFlying Home aGoodman BennydCodice autore SPICS: 10538eAutorepFlying Home aRobin SiddCodice autore testo/musica SPICS: 28156eAutore testo/musicapFlying Home aEllington DukedCodice autore musica SPICS: 13023eAutore musicapC Jam Blues aBernie B.dCodice autore musica SPICS: 50739eAutore musicapSweet Georgia Brown aPinkard MaceodCodice autore SPICS: 16174eAutorepSweet Georgia Brown aCaseydCodice autore testo/musica SPICS: 20242eAutore testo/musicapSweet Georgia Brown aKlagesdCodice autore musica SPICS: 27923eAutore musicapJust Bop aGreer J.dCodice autore SPICS: 15946eAutorepJust Bop